000 01489nam0a2200349 4500
001 RU\NLR\bibl\136908
005 20250618043431.0
010 _a5-230-03704-0
_9500
021 _aRU
_b98-22860
_9434
035 _a(NLR Aleph) 000134106
090 _a766444
_c766444
100 _a20010223d1996 |||y0rusy50 ca
101 0 _arus
102 _aRU
105 _ay |||||||||
200 1 _aСборник индивидуальных заданий по неорганической химии
_eУчеб. пособие
_fВ.Ф. Желтобрюхов, Е.Р. Андросюк, С.М. Леденев и др.
_g[Под ред. В.Ф. Желтобрюхова]
_gГос. ком. Рос. Федерации по высш. образованию, Волгогр. гос. техн. ун-т
210 _aВолгоград
_cВолгГТУ
_d1996
215 _a164 с.
_d20
320 _aБиблиогр.: с. 164 (9 назв.)
701 1 _aЖелтобрюхов
_bВ. Ф.
_f1963-
_gВладимир Федорович
_4070
701 1 _aАндросюк
_bЕ. Р.
_gЕвгения Романовна
_4070
701 1 _aЛеденев
_bС. М.
_gСергей Михайлович
_4070
801 0 _aRU
_bNLR
_c20010223
_gPSBO
801 1 _aRU
_bNLR
_c20010223
830 _aАвт. раскрыты по кн.
852 _aNLR
_j2000-3/13545
942 _cBOOK
980 _aNB